| 000 | 02249nam a2200469 i 4500 | ||
|---|---|---|---|
| 001 | ebr10761196 | ||
| 003 | CaPaEBR | ||
| 006 | m o d | ||
| 007 | cr cn||||||||| | ||
| 008 | 130620t20132013dcuab ob 001 0 eng|d | ||
| 020 | _z9780821399880 (pbk.) | ||
| 020 | _z0821399888 (pbk.) | ||
| 020 | _a9780821399897 (e-book) | ||
| 040 |
_aCaPaEBR _beng _erda _epn _cCaPaEBR |
||
| 035 | _a(OCoLC)861538536 | ||
| 043 |
_aa-cc--- _ad------ |
||
| 050 | 1 | 4 |
_aHD9736.C62 _bD55 2013eb |
| 082 | 0 | 4 |
_a338.951 _223 |
| 100 | 1 |
_aDinh, Hinh T., _d1953- _eauthor. |
|
| 245 | 1 | 0 |
_aTales from the development frontier : _bhow China and other countries harness light manufacturing to create jobs and prosperity / _cHinh T. Dinh, [and four others] ; with contributions from Eleonora Mavroeidi, Xin Tong, and Pengfei Li. |
| 264 | 1 |
_aWashington, District of Columbia : _bWorld Bank, _c[2013] |
|
| 264 | 4 | _c�2013 | |
| 300 |
_a1 online resource (555 pages) : _billustrations, maps |
||
| 336 |
_atext _2rdacontent |
||
| 337 |
_acomputer _2rdamedia |
||
| 338 |
_aonline resource _2rdacarrier |
||
| 504 | _aIncludes bibliographical references and index. | ||
| 588 | _aDescription based on print version record. | ||
| 590 | _aElectronic reproduction. Palo Alto, Calif. : ebrary, 2014. Available via World Wide Web. Access may be limited to ebrary affiliated libraries. | ||
| 650 | 0 |
_aManufacturing industries _zChina. |
|
| 650 | 0 |
_aManufacturing industries _zDeveloping countries. |
|
| 650 | 0 |
_aEconomic development _zChina. |
|
| 650 | 0 |
_aEconomic development _zDeveloping countries. |
|
| 655 | 0 | _aElectronic books. | |
| 700 | 1 |
_aMavroeidi, Eleonora, _econtributor. |
|
| 700 | 1 |
_aTong, Xin, _econtributor. |
|
| 700 | 1 |
_aLi, Pengfei, _econtributor. |
|
| 710 | 2 |
_aWorld Bank, _epublisher. |
|
| 776 | 0 | 8 |
_iPrint version: _aDinh, Hinh T. _tTales from the development frontier : how China and other countries harness light manufacturing to create jobs and prosperity. _dWashington, District of Columbia : World Bank, [2013] _hxxiv, 526 pages ; 23 cm _z9780821399880 _w(DLC)10761196 _w(DLC) 2013023253 |
| 797 | 2 | _aebrary. | |
| 856 | 4 | 0 |
_uhttp://site.ebrary.com/lib/rucke/Doc?id=10761196 _zAn electronic book accessible through the World Wide Web; click to view |
| 999 |
_c120959 _d120959 |
||